500 Artistas Musicales de Chile - Estadísticas

Estadísticas generales
  • Esta prueba ha sido intentada 174 veces
    9 desde el último reinicio
  • La puntuación promedio es 90 de 500
Estadísticas de respuestas
Inicial Canciones Artista Oyentes % Correcto
L "Mira niñita", "Sube a nacer conmigo hermano", "Hijos de la tierra" Los Jaivas 553,4k
100%
3 "Mi muñeca me habló", "Mi equilibrio espiritual", "Yo nunca vi televisión (y luego sí pero después no)" 31 Minutos 851,1k
89%
C "Una noche en Medellín", "Daytona", "Si no es contigo" Cris MJ 29,3M
89%
L "Llueve sobre la ciudad", "Bailando solo", "Ven aquí" Los Bunkers 3,9M
89%
L "Estrechez de corazón", "El baile de los que sobran", "Tren al sur" Los Prisioneros 4,5M
89%
M "Amárrame", "Mi buen amor", "Tu falta de querer" Mon Laferte 19,1M
89%
C "Abrázame", "Pa callar tus penas", "Querida rosa" Cami 1,7M
78%
C "Baño de mar a medianoche", "Puré de papas", "Dilo calladito" Cecilia 76,7k
78%
F "Afortunada", "Buen soldado", "Qué sería" Francisca Valenzuela 845,7k
78%
K "Satirología", "Confortas pero dañas", "Me mareo" Kidd Voodoo 7,1M
78%
L "He barrido el sol", "Un amor violento", "La torre de Babel" Los Tres 963,3k
78%
M "Invicto", "Qué pasa?", "Muñeca" Marcianeke 2,7M
78%
P "Dime tú", "Llamame bebe", "Cinturita" Pailita 4M
78%
P "Ultra solo", "My blood", "BrokeBoi" Polimá Westcoast 4,2M
78%
V "Gracias a la vida", "La jardinera", "Volver a los diecisiete" Violeta Parra 228,2k
78%
A "Entre el odio y el amor", "Te vas", "El embrujo" Américo 1,2M
67%
A "Sacar la voz", "1977", "Mi verdad" Ana Tijoux 3,4M
67%
C "Dubidubidu (chipi chipi chapa chapa)", "Mueve el ombligo", "Como quieres que te quiera" Christell 790,6k
67%
G "Felicidad", "Sentimiento original", "Antonia" Gondwana 2,2M
67%
I "Tatatí", "La exiliada del sur", "Alturas" Inti-Illimani 340,1k
67%
K "Ponte lokita", "Tas texteandome", "Bailame asi" Katteyes 8,3M
67%
L "Mentira", "Aquí", "El duelo" La Ley 5,2M
67%
L "Papi ¿Dónde está el funk?", "Corazón de sandía", "La medicina" Los Tetas 207,4k
67%
L "Juana María", "Miénteme una vez", "Tú me haces falta" Los Vásquez 715,3k
67%
L "Golpe de suerte", "Ámame", "No sabía" Luis Jara 87,4k
67%
M "Lova", "Grandes pasos", "Originala" Movimiento Original 1,3M
67%
P "Gitana", "ShiShi Gang", "Vibras" Pablo Chill-e 7,7M
67%
P "Fingías", "Mami", "Not steady" Paloma Mami 4,4M
67%
P "Convéncete", "Summer love", "Ya no quieres quererme" Princesa Alba 1,8M
67%
T "Eres exquisita", "El rock del mundial", "No toques esa canción" The Ramblers 67,6k
67%
Y "miau", "Puerto escondido", "Qloo*" Young Cister 12,2M
67%
A "www.hotxulito.com", "Epitafio", "Arreglo floral" AKRIILA 2,4M
56%
B "Tu cariño se me va", "Mentira", "Si me vas abandonar" Buddy Richard 327,4k
56%
C "Gran pecador", "Loca", "El conductor" Chico Trujillo 631,5k
56%
D "Cambio de piel", "Lucha en equilibrio", "Isidora" Denise Rosenthal 525,6k
56%
D "Te mueres", "Té", "Nuestra señal" De Saloon 332,9k
56%
E "Darkera", "Shiny", "Pa que pichea" Easykid 7,2M
56%
E "A tu lado", "Te amo en silencio", "Desde que no estas presente" Entremares 115,3k
56%
F "Amiga ya mató", "Enfocá en lo mío", "Desleal" Fran Maira 120,6k
56%
G "Hablar de ti", "Ser amigos", "Fruta y té" Gepe 1,2M
56%
G "Freebola", "Enamorado de ti", "Grado 3" Glup! 708,2k
56%
I "Vuelvo para vivir", "Morena esperanza", "Baila caporal" Illapu 652,8k
56%
J "Ando", "Todo ke ver", "X eso bb" Jere Klein 10,8M
56%
J "Las seis", "La funa", "Huellas" Joe Vasconcellos 1M
56%
J "Fe", "Necesito poder respirar", "Mi casa en el árbol" Jorge González 199,3k
56%
J "Bellaquera", "Ganas", "Cochinae" Julianno Sosa 2,9M
56%
K "Sin despertar", "Déjame gritar", "Ya nada queda" Kudai 1,5M
56%
L "La tortuga vacilona", "Te vuelvo a ver", "Soy feo pero rico" La Combo Tortuga 765,4k
56%
L "Quiero ser libre", "Que nadie se entere", "Es el amor" La Noche 409,7k
56%
L "La parabólica", "Daniela", "Un año más" La Sonora de Tommy Rey 146,5k
56%
M "Lady", "Mi Chile", "Josephine" Mendez 604,5k
56%
N "Me gusta todo de ti", "Óyeme", "Debería odiarte" Noche de Brujas 906,3k
56%
P "Ch bah puta la güeá", "Un hombre muerto en el ring", "Hospital" Pettinellis 251,2k
56%
S "Algún día volverás", "El gil de tu ex", "Que te vaya bien" Santaferia 1,5M
56%
S "Chaparrita", "Baila para mi", "Pégate" Standly 7,8M
56%
T "El juego verdadero", "Melaza", "Sueños" Tiro De Gracia 426,8k
56%
V "El derecho de vivir en paz", "Luchín", "Te recuerdo Amanda" Víctor Jara 309,2k
56%
Z "Un ramito de violetas", "Mi prisionera", "Una lágrima en la garganta" Zalo Reyes 207,1k
56%
A "Bandido", "Ahora", "Yo te seguiré" Alberto Plaza 498,8k
44%
A "Tatuaje", "Siempre es viernes en mi corazón", "Tormenta" Álex Anwandter 154,2k
44%
A "Amada", "Mátame", "Sirviente y no patrona" Álvaro Henríquez 319,1k
44%
C "Kikiri que le haga", "La mosca", "Congelao" Cachureos 118,5k
44%
C "Refugio II", "Domingo de ramos", "Pecado" Candelabro 73k
44%
C "Eligiendo una reina", "Locura espacial", "Lophophora" Chancho en Piedra 375,2k
44%
C "Que salgan los dragones", "Klara", "Vamos los dos" Chinoy 90,2k
44%
C "Rico el país", "No me ves", "Amar es complicado" Claudio Narea 7k
44%
C "En todas las esquinas", "Hijo del sol luminoso", "Tus ojitos" Congreso 82,5k
44%
F "Peligrosa", "Gata only", "Apaga el cel" FloyyMenor 21,5M
44%
G "Big cut", "Toy con la bendición", "Mami no estés triste" Galee Galee 1,1M
44%
H "Lokotron remix", "La del saxo", "Tak tiki tak" Harry Nach 1,6M
44%
J "Te extraño a lo vio", "Ay mamasita", "Pa k te enamore" Jairo Vera 3,7M
44%
J "Otra era", "Luz de piedra de luna", "Cámara lenta" Javiera Mena 341,6k
44%
L "Chica eléctrica", "Sex maniac", "Pedro navaja" La Pozze Latina 174,6k
44%
L "Blues a dos mujeres", "Sigues dando vueltas", "Nunca fui tu amor" La Rue Morgue 155,7k
44%
L "Déjenme si estoy llorando", "Murió la flor", "Y volveré" Los Ángeles Negros 2,9M
44%
L "Cómo dejar de amarte", "Charros para rato", "Las flores de tu florero" Los Charros de Lumaco 517,1k
44%
L "Piantes", "Pulentos", "Cachipun" Los Pulentos 39,4k
44%
L "Mataz", "Milagro", "Cuando respiro en tu boca" Lucybell 394,3k
44%
M "Continentales", "Aunque no sea conmigo", "Solo Tú" Macha y el Bloque Depresivo 647,7k
44%
M "Acuario", "La danza de las libélulas", "Tanto creo en ti" Manuel García 642,2k
44%
M "Chingon", "Guarachete", "Fashonista" Martinwhite 4,6M
44%
M "Una cuncuna", "Mazamorra del poroto coscorrón", "Caracol Agustín" Mazapán 110,7k
44%
M "Huele a peligro", "Herida", "El hombre que yo amo" Myriam Hernández 2,9M
44%
N "Hoy", "Esperando nada", "Sin gamulan" Nicole 180,6k
44%
P "Inteligencia dormida", "Vacaciones en el más allá", "Sol mayor" Pedropiedra 354,4k
44%
S "Macondo", "Profanador de cunas", "Cancion pacifico-violenta" Sexual Democracia 82,2k
44%
S "Descontrol", "Alo", "Senda bellakona" SINAKA 4M
44%
S "Te enojai por todo", "Mi señora", "Mujer robusta" Sinergia 83,7k
44%
S "Los domingos (la peineta)", "El galeón español", "La arañita" Sonora Palacios 104,2k
44%
S "Bye bye", "Dónde vas?", "Maldades" SOULFIA 298,9k
44%
A "Me arrepentí", "Skyline", "2012" Ak4:20 1,6M
33%
A "De aky pa ya", "Haciendo el amor", "Te amaré" Amerika'n Sound 241,1k
33%
A "Cuando amanece el dia", "Bien criolla y bien porteña", "Cancion de amor" Angel Parra 115,7k
33%
A "No te escondas", "No puedo quitar mis ojos de ti", "Que se mueran los feos" Angel Parra Trio 33,9k
33%
A "Adicciones, coronas y flores", "Atado a tu sentimiento", "Dulces corazones" Anttonias 56,1k
33%
A "Pacífico", "Simetría", "Mala fama" Ases Falsos 141,5k
33%
C "Antes de que apague el sol", "Horas contigo", "Venus" Cancamusa 59,4k
33%
C "Como la cigarra", "Cómo voy a renunciar a ti", "Porque siempre hay tiempo" Cecilia Echenique 21,5k
33%
E "Los momentos", "Quiero paz", "Navegante" Eduardo Gatti 352,1k
33%
F "El tiempo en las bastillas", "Yo pienso en ti", "Un café para Platón" Fernando Ubiergo 137,6k
33%
F "2022", "Explorador", "Aunque todo salió mal" Fother Muckers 261,9k
33%
G "La temporera", "Romance ilegal", "Huellas de amor" Grupo Hechizo 286k
33%
G "Cinco días", "Tattoo", "Cinco minutos y nada más" Grupo Zúmbale Primo 1,1M
33%
H "Postparto", "Vida en Terranova", "Anova" Hesse Kassel 26,1k
33%
J "Humedad", "Te amo tanto", "Proverbios" Javiera y los Imposibles 111,6k
33%
J "¿Y qué pasó?", "Me emborrachare", "Y Ahora Regresaras" Jordan 258,6k
33%
J "Niña", "Mueve mueve", "Te quiero” Juan Antonio Labra 119,7k
33%
K "Kalafken", "La favorita", "Limpiate adikta" KUINA 274,1k
33%
L "El otro lado del sol", "El crack", "Leo Catan" Los Miserables 142,1k
33%
L "Mentirosa reculia", "Falso amor", "Los hermanos de Nacimiento" Los Picantes 36,4k
33%
L "Así soy", "Guaracheetah", "Seh" Loyaltty 2,1M
33%
M "En paro", "La rosa de los vientos", "La chupaya 99" Makiza 131,6k
33%
M "El lado oscuro de tu corazón", "Espero", "Cae la noche" Marineros 48,3k
33%
M "Mango con petazetas", "Hacerlo de día", "Canción bonita" Moral Distraída 284,2k
33%
P "Baby otaku", "Bella", "Vamos pa' la disco" Pablito Pesadilla 730,9k
33%
P "Eres tan distinta", "Alto al fuego", "Tengo un amor" Pablo Herrera 190,7k
33%
P "Vuelvo", "Arriba en la cordillera", "El cautivo de Til Til" Patricio Manns 84,5k
33%
P "Esté donde esté", "El otro Chile", "Escribo rap con R de revolución " Portavoz 558,3k
33%
Q "La batea", "El pueblo unido jamás será vencido", "La muralla" Quilapayún 151,1k
33%
R "La guaracha del fai fai", "Al cantor", "Campesino chileno" Rene Inostroza 6,5k
33%
R "En Mejillones (yo tuve un amor)", "La negra Ester", "La vida que yo he pasado" Roberto Parra 15,5k
33%
S "Cuando miro en tus ojos", "Lo que mereces", "Limito con el sol" Saiko 150,8k
33%
S "En un largo tour", "Para que nunca mas", "Adiós general" Sol y Lluvia 199,2k
33%
S "Maldito amor", "Toda la noche", "Tu y yo" Supernova 190,6k
33%
T "Amar en el campo", "Eras mi persona favorita", "Bailar y llorar" Teleradio Donoso 128,5k
33%
T "Combo final", "Malos amigos", "Mateo" Tronic 173,3k
33%
U "Cuando vuelvas", "Ella llora", "Sueldos" Upa! 192k
33%
A "Heartbreaker", "Waterfall", "Aguaturbia" Aguaturbia 33,4k
22%
A "Usted se parece", "Llegaste", "Que lindos ojos" Alanys Lagos 723,7k
22%
A "Ramo de flores", "Déjenme", "Tiempos buenos" Álvaro Scaramelli 56,1k
22%
A "Y llegaste tú", "Mi amor de verano", "Ahora que" Andrés De Leon 315,8k
22%
A "Calibraciones", "Ultimátum", "Conexiones televisivas" Aparato Raro 36,8k
22%
A "Patio", "Tesela", "La naturaleza" Asia Menor 30,2k
22%
A "Contigo", "Tecito floral", "Vilo" Ataquemos 193,3k
22%
B "Háblame", "Vuelvo", "Rosas en el lodo" Beto Cuevas 856k
22%
B "Vals archipielago", "Cueca tierra adentro", "Nostalgias de la Pincoya" Bordemar 5,4k
22%
C "En bolá de las laah laaah", "I love you a lo vío", "Ella" Chystemc 591k
22%
C "Esta noche", "Con lo puesto", "Nuevo comienzo" Cidtronyck 463,8k
22%
C "Aquí me tienes", "Después del adiós", "Todo va a andar bien" Consuelo Schuster 121,8k
22%
C "Te vas quedando sola", "Basta ya", "Una niña una historia" Cristóbal 20,5k
22%
C "No tendré poder (pero tengo energía)", "Tren a Limache", "Ojitos de marihuanera" Cristóbal Briceño 50,9k
22%
C "Arriba la vida", "Nadie lo sabra (shh shh)", "Incomprendido" Croni-K 164,9k
22%
D "Liviano como el viento", "Algo está pasando", "Bakan" De Kiruza 14,6k
22%
D "Revista de gimnasia", "Lo que quieras", "Los adolescentes" Dënver 72,9k
22%
D "Sí po'", "Me voy a Valparaíso", "Romance del enamorado y la muerte" Diego Lorenzini 184,5k
22%
D "Misionar", "A fuego", "2000's" DrefQuila 2M
22%
E "Yo la quería", "El frio misterio", "Has sabido sufrir" Electrodomésticos 41,9k
22%
E "Cabaña", "Bailando", "Sheraton" El Jordan 23 3,7M
22%
F "Kimye", "No voy a estar mañana", "Sssubelo" FaceBrooklyn 581,4k
22%
F "Reina japonesa", "Carnaval", "Pelo negro" Fernando Milagros 165,7k
22%
F "Pobrecito mortal", "Planeta humano", "Brevemente...gente" Florcita Motuda 272
22%
F "Inmarchitable.", "Amor", "Báilalo mujer" Flor de Rap 123,4k
22%
G "El amor de tu vida", "Luna dile", "Tu con ella" Gino Mella 1,6M
22%
G "Que dolor", "Mujeres y cerveza", "Tu tarjetita" Grupo Alegría 290,3k
22%
G "Por ella", "Mejor muertos", "Eso es todo lo que soy" GUFI 143,5k
22%
H "Solo de ti", "Alma mia", "Se aleja el tren" Hermanos Ilabaca 27,7k
22%
I "Al centro de la injusticia", "Con los pies sobre la tierra", "Ni toda la tierra entera" Isabel Parra 73,1k
22%
I "Del lune al finde", "X5", "Millonarios juntos" ITHAN NY 1,4M
22%
J "La niña está triste", "Dirladada", "Te perdí" José Alfredo Fuentes 148k
22%
J "La innombrable", "Huke", "José José" Julius Popper 301,7k
22%
K "Leo", "Dame un beso", "Dime" Karen Paola 68,9k
22%
K "Pasajero", "A200", "2 hielos" King Savagge 3M
22%
L "Matar al presidente", "Bailando como mono", "Y es de día" La Floripondio 60,9k
22%
L "Santa Lucía", "Blues de la transición", "La daga" La Rata Bluesera 27,5k
22%
L "Nada quedará", "Quiero", "Quizás" La Sociedad 190,9k
22%
L "Estilo libre", "Día y noche", "4 life" Liricistas 234,8k
22%
L "Lo que pudo ser", "Tanto di", "Me voy" LÓPEZ 20,8k
22%
L "Si vas para Chile", "Yo vendo unos ojos negros", "Chile lindo" Los Huasos Quincheros 35,2k
22%
L "Ataque de caca", "Curao manejo mejor", "Hoy no atiendo huevones" Los Mox! 31,1k
22%
L "Avísame", "Bella", "Cosa linda" Lucky Brown 5,5M
22%
L "Me recordaras", "Muñequita", "Sueña" Luis Dimas 50,7k
22%
M "Fue difícil", "El regalito", "Para conquistarme" María José Quintanilla 371,6k
22%
M "Me gustas", "Te amaré", "Mi credo" Mario Guerrero 129,3k
22%
N "Carnavalito del ciempiés", "Casualidad", "Necesito una canción" Nano Stern 155,4k
22%
N "Flores, labios, dedos", "Contigo", "Nonato coo" Niños del Cerro 44k
22%
P "Abusadora", "Ay cariño", "El africano" Pachuco y La Cubanacán 51,8k
22%
P "Cariño malo", "A mi esposo", "Ajeno" Palmenia Pizarro 26k
22%
P "Entre la arena y el mar", "Recuerdos de juventud", "No me dejes ahora" Peter Rock 9,3k
22%
Q "Pensando en ti", "Yo planto", "Un poquito de ti" Quique Neira 300,5k
22%
R "Quema las estrellas", "Al borde", "Y podría" Resonancia Etérea 699,3k
22%
R "Si somos americanos", "Ay Carmela", "Doña Javiera Carrera" Rolando Alarcón 72,3k
22%
S "Supermandoneao", "Amor de feria", "Me gustan todas" Sonora 5 Estrellas 143,4k
22%
T "La mejicana", "No le entregues el poder", "Terrible loco" Tata Barahona 302,9k
22%
T "Borrachos al poder", "Los que toman como rey", "El niño maravilla" Tomo Como Rey 75,8k
22%
T "Viernes", "La novedad", "Baby boomers" Tus Amigos Nuevos 11,3k
22%
V "Para dormir contigo otra vez", "Serenata cruel", "Clandestino" Villa Cariño 466,7k
22%
Z "Asi soy yo", "Lautaro", "Nadie nos para" Zaturno 47,8k
22%
A "Hay un limite", "Nadie como yo", "Como la primera vez" Aleste 71,5k
11%
A "Tonteras", "Valparaíso", "Drinkin' my own sperm" Álvaro Peña 1,5k
11%
A "Si te volvieras real", "Mi historia entre tus dedos", "No me enamores" Andrea Labarca 36,4k
11%
A "A veces me parece", "No te olvido", "Para que no se muera este amor" Ariztía 41,5k
11%
B "Amor de bandolero", "Ese corte", "Ponle - remix" Balbi El Chamako 1,3M
11%
B "Me pongo bonito", "En busca de una bandida", "Como ladron" Bayron Fire 2,1M
11%
B "La rabia", "Ruidos", "Irreparable" BBS Paranoicos 40,6k
11%
B "Tartaleta de frutillas", "Los momentos", "Del volar de las palomas" Blops 6,7k
11%
B "Un desafío", "Baby girl", "Retina floja" Bubaseta 878,8k
11%
C "Millones", "Tu mamá te mató", "Te quise" Camila Moreno 82,9k
11%
C "Enséñame", "Todo ha cambiado", "Yo soy el ángel" Canal Magdalena 10,2k
11%
C "Nalgaje", "Damelo", "Te quiero ver" Ceaese 641,2k
11%
C "Mírame sólo una vez", "Mientras nos sumergimos", "Marfil" Christianes 28,8k
11%
C "Flores como gatos", "Vamos a almorzar", "Taco taco" Colombina Parra 4.3k
11%
C "Pasto seco", "Mala de adentro", "Bombón asesino" Combo Ginebra 22,7k
11%
C "Estrecha a tu hermano", "Arrebol", "Atrapados por un pensamiento" Congregacion 1,1k
11%
C "Como quien pierde una estrella", "Agachadita", "Amores como el nuestro" Contrabando Sureño 142,4k
11%
D "A veces tú", "A viajar!", "Sábado" Denisse Malebrán 115,1k
11%
D "Arrepentido", "Pasaje en avión", "Mujer azul" Difuntos Correa 86,9k
11%
D "Recomencemos", "Pequeña y fragil", "Sigo romantico" Douglas 23,5k
11%
D "Súbitamente", "Me reparto en ti", "Ay, amor ♥" Dulce y Agraz 27,7k
11%
E "Cancion de amor contigo", "El hombre es una flecha", "Canción a tu ex-marido" Eduardo Peralta 5,7k
11%
E "Zapatillas", "Tiempos bajo el sol", "Jardines" El Cómodo Silencio De Los Que Hablan Poco 18,3k
11%
E "Me tienes loco", "La chinita y yo", "La gata" El Cruce 10,9k
11%
E "Como marea", "Suavecito suavecito", "Picara" El llanero de Ñuble 380,5k
11%
E "Aire", "Lucho estrujo", "Beso invisible" Elso Tumbay 1,2k
11%
E "Piel", "Frente a frente", "Ahora" Estoy Bien 12,4k
11%
E "Los ratones", "La chusma inconsciente", "Alerta" Evelyn Cornejo 73,1k
11%
F "No estar aquí", "El cóndor", "Lindo momento" Fiskales Ad-Hok 54,4k
11%
F "Cállate, ya no me mientas", "Oh qué pena", "Duele duele" Frecuencia Mod 16k
11%
F "Suite Recoleta", "Adolfo y Benito, Augusto y Toribio", "Canción formal en 7/8" Fulano 6,9k
11%
G "Tus ojos", "Esperando x ti", "Serenata" Gianluca 399k
11%
G "Por qué no fui yo tu primer amor", "La gotita", "Muchacho malo" Gloria Benavides 27,9k
11%
G "Mira mira", "Para cuando vuelvas", "Entre paréntesis" Gloria Simonetti 17,9k
11%
G "Habia una vez", "Como la cigarra, "Cuando Valparaiso" Grupo Abril 2,5k
11%
G "Mentirosa", "Corazón de piedra", "Mataste el amor" Grupo Disparo 742,4k
11%
G "Todo va lento", "Troncos viejos", "Cuando quieras" Guachupé 76,4k
11%
H "Corazón de escarcha", "El lobo chilote", "A la mar fui por naranjas" Héctor Pavez 37,4k
11%
H "Romance en tango", "Canto marino", "La vida en ti" Hugo Moraga 16,2k
11%
I "Yo te nombro libertad", "Todo cambia", "Cuando llega el invierno" Isabel Aldunate 4,1k
11%
J "Del campo a mar", "Lágrima del sol", "Ámbar" Javiera Electra 13,1k
11%
J "Mi corazón, su casa", "Celoso", "El día en que dejaste de quererme" Javier Barría 12,8k
11%
J "Callejero", "Chiquitita", "Tengo luquita" Juanafé 136,9k
11%
J "Ausencias", "Cada vez", "Promesas" Juan Carlos Duque 7,2k
11%
K "Dime porqué", "Estoy pensando en ti", "Inolvidable" Keko Yunge 88,7k
11%
K "Hasta poder respirar", "Las cometas", "Cenizas" Kuervos del Sur 33,8k
11%
L "Ármate", "Niñx", "Libertad" La Lira Libertaria 18,6k
11%
L "Sin condiciones", "Tomar el sol", "De policía a ladrón" Lanza Internacional 11k
11%
L "Atormentado", "Balneario", "No pude" Los Animales También Se Suicidan 16,2k
11%
L "Adiós Santiago querido", "Qué bonita va", "Los viejos estandartes" Los Cuatro Cuartos 19,7k
11%
L "El puñetazo", "Muevete sacudete", "Al ritmo del tigre" Los Dinos de Chile 218,4k
11%
L "La corbata de mi tío", "Vendo diario", "Sacar la basura" Los Ex 72k
11%
L "A un minuto de tu amor", "Como deseo ser tu amor", "Entrega total" Los Galos 192,6k
11%
L "Olvidarte nunca", "Con la mano en la biblia", "Vete ya" Los Golpes 434,8k
11%
L "El baile del gusano", "Enséñame a olvidar", "Te hice mal" Los Kuatreros Del Sur 147,2k
11%
L "Amiga de cantina", "Ni por mil puñados de oro", "Ojitos verdes" Los Llaneros De La Frontera 195,2k
11%
L "Sufriendo por tu amor", "El aguacero", "María Elena" Los Lumaquinos Alegres 227,9k
11%
L "Arretirate a los campo", "Tu eres muy libre", "Las penas de mi alma" Los Manantiales 62,1k
11%
L "Chicholina", "Hollywood Boulevard", "Sindrome Camboya" Los Peores de Chile 42,8k
11%
L "Maldita sea la primera vez", "Cuerpo de sirena", "A través del viento" Los Pincheira del Sur 293,7k
11%
L "Eso eres", "Al pasar esa edad", "Que daria yo" Los Red Juniors 51,1k
11%
L "Ayer", "Bajo el volcán", "Qué nos pasó" Los Santos Dumont 11k
11%
L "De Coquimbo soy", "Candombe para José", "Boquita de caramelo" Los Vikings 5 149,8k
11%
L "Piuke (corazón)", "Taiñ trekan (nuestro caminar)", "Witrapaiñ (Estamos de pie)" Luanko 8,4k
11%
L "No me platiques más", "Contigo en la distancia", "Con mi corazón te espero" Lucho Gatica 66,7k
11%
M "Al patibulo", "Corazon desilusionado", "Olvidando" Machuca 44,8k
11%
M "Todo peor", "Eternos días de invierno", "Abismo" Malcorazón 1,1k
11%
M "Fé", "Eternamente", "Raza" Mamma Soul 31,3k
11%
M "Dime cómo te llamas", "Ay, por la noche!", "Sau Sau" Margot Loyola 4,1k
11%
M "Discodos", "Al despertar", "Deja el cuerpo" Matahari 4k
11%
M "Sin explicación", "Error y ensayo", "Libre" Matiah Chinaski 192,5k
11%
M "Quien mato a Gaete?", "Eh rica", "Quimica" Mauricio Redolés 17,8k
11%
M "Hablar de ti", "Las meninas", "La flor del viejo hotel" Mecánica Popular 12,8k
11%
M "Moriría", "Juego cruel", "Otra vez" Melvin Crema 61,1k
11%
M "La baba del sol", "Insomnio", "Ojitos de planeta" Metalengua 9,4k
11%
M "Luna llena", "Guajira", "Como el sol" Miguel Negro Piñera 3k
11%
N "Creo que te quiero", "La moda mata", "Ausencia" Nadie 74,9k
11%
N "Ángel del pasado", "Mírame", "Desde que te vi" Natalino 221,7k
11%
N "Que entre el frío", "Tu cabecita y la mía", "Va a llover hasta el domingo" Niña Tormenta 36,6k
11%
O "Casa latina", "Cabros", "Nuestra casa de violencia" Odisea 12,4k
11%
O "Noticiero crónico", "La tregua", "Vida" Óscar Andrade 14,3k
11%
O "Valparaiso", "Marcha de los estudiantes", "Caleta el membrillo" Osvaldo Rodríguez 37,8k
11%
P "El baile del kkoyaruna", "Canción quechua", "El perdón" Pascuala Ilabaca y Fauna 78k
11%
P "Collage", "Tur blues", "Depresión estacional" Pau 13,1k
11%
P "La Nelly y el Nelson", "Il bosco", "Me diste mal la direccion" Payo Grondona 3,9k
11%
P "El corralero", "El solitario", "Pa'mar adentro" Pedro Messone 34,8k
11%
P "A la mierda", "Vuelta a casa", "Tan solo nada" Pegotes 10,2k
11%
P "Seguimos joseando", "Ya ganamos", "Húmeda" Piero 47 897,3k
11%
P "El mundo es un lugar tan triste", "Loro", "Pillanes" Pillanes 10,4k
11%
P "La weá", "Te van a olvidar", "Cerca del sol" Plumas 10,5k
11%
P "Profeta y frenetico", "¡ Muevete, retuercete !", "La Granja (| |)" Profetas y Freneticos 7,1k
11%
Q "Pala", "Cake pop!", "1313" Q_ARE 270k
11%
S "A mi ciudad", "Simplemente", "Linda la minga" Santiago del Nuevo Extremo 42,2k
11%
S "El viaje", "Nos fuimos quedando en silencio", "Mi canto" Schwenke y Nilo 25,1k
11%
S "Amor de luto", "Aroma tropical", "La crew" Shamanes Crew 705,7k
11%
S "Bloqueame", "Positivo", "Es poco" Simon La Letra 1,6M
11%
S "Aprendí de ti", "Cariño mío (dónde andarás)", "Quiéreme así" Soledad Guerrero 35,8k
11%
S "Ven", "Hembras de Marte", "Tokio" Solo Di Medina 67,4k
11%
S "Punta Arenas", "Cumbia ideal", "La ternura" Sonora Barón 54,8k
11%
S "Atrevete a aceptarlo", "Amanecer sin tí", "Cuanto tienes, cuanto vales" Stereo-3 26,8k
11%
T "Los guatones y los pelaos", "Me gusta el vino", "La casa nueva" Tito Fernández 37,6k
11%
T "El blac sabat", "Oxiurosis", "Hoy tomaremos pílsen" Tonto Pero Feo 21,9k
11%
V "Uno de esos días", "Paracetamol", "Pastel" Vesta Lugg 19,2k
11%
Y "Todo y nada", "Berraqueo", "Mambo para los presos" Yiordano Ignacio 437,9k
11%
Y "Dele cotele", "Llegamos a la disco", "Muévete" Yohancito 131,3k
11%
2 "A romper la calma", "La fuerza policial", "No lo podrás sostener" 2X 16,9k
0%
A "Toloqves", "Lokito x ti", "Tame Impala" Abrildefresa 137,3k
0%
A "Columpio", "Retrovisor", "Caída libre" Adelaida 3k
0%
A "Flamas", "Musica4life", "Destinos cruzados" Aerstame 1,2M
0%
A "Megalomania", "3514", "4:45 am" Aisles 6,9k
0%
A "Fue una noche de verano", "Difícil", "Recuerdos de verano" Alan y Sus Bates 29,6k
0%
A "Cómo no me va a doler", "Anestesia", "Nada que perder" Alectrofobia 8,6k
0%
A "No te pude arrancar", "Bajo el sombrero", "El marinero" A Los 4 Vientos 91,3k
0%
A "Aventurar", "Triza", "Cuéntame" Amanitas 10,1k
0%
A "Lloviendo estrellas", "Ay mi amor", "Te extraño, te olvido, te amo" Amor Sureño 280,5k
0%
A "Satan es la kumbia", "Prende la mecha", "Amor encapuchado" Anarkia Tropical 21,3k
0%
A "Como pez en el agua", "Enamórate", "Canción de la libertad" Andrea Tessa 8,7k
0%
A "Soy un aprendiz", "Menta, miel y sangra", "Carita de gato" Angelo Pierattini 29,4k
0%
A "Paloma", "Adelita", "Socoroma" Arak Pacha 17,4k
0%
A "Va y viene", "Almas gemelas", "Rompiendo las cadenas" Arte Elegante 973,6k
0%
A "Albatros", "El sonido de los helicópteros", "Río Mataquito" Asamblea Internacional del Fuego 3k
0%
A "Colombo", "Maestro distorsión", "Panda" Astro 55,7k
0%
A "Despertar sin ti", "Chica caribeña", "Solo un sueño" Aterrizaje Forzoso 55,1k
0%
A "Haciendo historia", "Gansgteritu", "Me lo merezco" Audigier 132,1k
0%
B "La espía que no me amó", "Romance 69", "Fantasías sexuales" Banda 69 5,3k
0%
B "El Casorio", "Pregonero", "Mentira" Banda Conmoción 85,2k
0%
B "Badinerie", "Quirqunchita'y", "La manca" Barroco Andino 6,7k
0%
B "Quiero verte hoy", "Un beso más", "Quería olvidarte" Benjamín Walker 234,3k
0%
B "Levantamuertos", "Gato astuto", "Tongoy" Bonzo 8,9k
0%
B "Nsc", "Endorfinas", "Merced" Bronko Yotte 79,3k
0%
C "Acá", "Mala saliva", "Cancha" Calambre 38,5k
0%
C "Me torturas 2.5", "Bebeee", "Mi polvo favorito" Camiloskill 153,7k
0%
C "Yo estaba en una noche triste", "Yo haré que olvides ese amor", "Perdóname por tenerte en mis sueños" Capablanca 6,9k
0%
C "Lo mejor de ti", "El resplandor", "Nobody knows I'm here" Carlos Cabezas 15,7k
0%
C "En tus manos", "Lo que fue", "Sobrenatural" Casino 12,1k
0%
C "Para no odiarte", "Presagio", "Falso de amor" Catalina y Las Bordonas de Oro 54,4k
0%
C "Viviendo el día", "Imposible", "Chocolate" C-Funk 136,4k
0%
C "Venenos", "Manflorita ♥", "Laurel" Chini.png 16k
0%
C "El opio del pueblo", "La exótika", "Calipso" Cholomandinga 7.3k
0%
C "Los paraguas", "Cumbia choriza", "Bailemos cumbia" Chorizo Salvaje 24k
0%
C "Locos rayados", "Tom y Jerry", "En medio de este mundo" Cinema 1,1k
0%
C "Dormida en la nieve", "Escorpiones", "Nunca más" Cler Canifrú 4k
0%
C "Días oscuros", "La puerta no se abre sola", "Disparan (fill the skies)" Como Asesinar a Felipes 14,8k
0%
C "Volar con Dios", "En mi lugar", "Pasajero" Congelador 1,4k
0%
C "New disorder", "Hijos de la miseria", "Victimized" Criminal 6,3k
0%
C "Morir aquí", "Araucana", "Cabo de Hornos" Crisálida 2,1k
0%
C "Palomita, verte quiero", "Rosas y claveles", "Fuiste mi primer amor" Cuncumén 5,4k
0%
C "Cabezas rapadas", "Alcohol oi violencia", "Canción skinhead" Curasbun 14,5k
0%
D "Sol", "Alguien como tù", "El juego del amor" Daniela Aleuy 16k
0%
D "Ko (agua)", "Me fuí a caminar", "Werken" Daniela Millaleo 8,9k
0%
D "Bórrame el dolor ★", "Sentirme amante", "Infernodaga" DANI RIDE 15,5k
0%
D "Florecer", "Monótono lugar", "El último cortaviento" Déjenme Dormir 6,3k
0%
D "Cuando llegan las 6", "Vecina", "Si cruzas la puerta" Demian Rodríguez 23,5k
0%
D "Perro rabioso", "Aguardiente", "Nadine" Devil Presley 26,4k
0%
D "Atormentado", "Motosierra del infierno", "Criaturas del mal" Disaster 3,1k
0%
D "Help me", "Tropilove", "Summertime" DJ Bitman 19,4k
0%
D "Dime si", "Tu Infierno", "Hiptonizándonos" Dodo 287,2k
0%
D "Diesel", "Runaway", "Demadness" Dogma 3,8k
0%
D "Gracias, oh! seres de cochayuyo", "Disco blood", "El espanto surge de la tumba" Dorso 5,5k
0%
D "Sunshine", "Dreams", "Suerte" Douglass 73,7k
0%
D "Chilenada", "Hijo de puta", "Verte morir" Dracma 5,2k
0%
D "Todo me habla de ti", "Noche no te vayas", "Quiéreme" Dúo Pajarito 52,2k
0%
E "Darte luz", "Pajarillo", "El surco" Elizabeth Morris 129,6k
0%
E "Caballito de metal", "Pica pica la guaracha", "Mi amigo huaso" El Monteaguilino 10,4k
0%
E "Un nuevo baile", "¿Es esto revolución?", "Cajitas rectangulares" Emociones Clandestinas 30,1k
0%
E "La negra linda", "La enagüita", "Mata de arrayán florido" Ester Soré 5,2k
0%
F "9", "Trees", "El humo" Föllakzoid 16,7k
0%
F "Marinos", "Te lo pido por favor", "Querida ven" Francisco Victoria 43,4k
0%
F "Sleep, work, eat", "Wake up", "Nobody come" Frank's White Canvas 3k
0%
F "Taxi", "Adiós", "Azucar flor" Fruto Prohibido 9,1k
0%
F "Sin ti", "Salgamos a correr", "Todo se termina" Frutos del País 2,9k
0%
G "La pericona tiene", "Triste, amorosa y cautiva", "He venido caminando" Gabriela Pizarro 157
0%
G "Cuando empecé a quererte", "Filo", "Déjame" Gamuza 45,1k
0%
G "Puente Pexoa", "No quiero ser", "La torcacita" Ginette Acevedo 5,1k
0%
G "La piragua", "Ese muerto lo cargo yo (don Goyo)", "Vagabundo soy" Giolito y su Combo 28,3k
0%
G "Par de bebes", "Ando buscandote", "Me fui" Giuliano Yankees 692,7k
0%
G "Deten el tiempo", "Lejos de aquí", "Fiel" Golem 2,3k
0%
G "Volvemos a caer", "No me lo pidas", "Lo mejor para los dos" Gonzalo Yañez 56,5k
0%
G "Bailas?", "Estés donde estés", "Amor con furia" Gran Rah 172,4k
0%
H "Cemento", "Muere joven", "Lobo estepario" Hielo Negro 5,1k
0%
H "Imagino", "Ayer", "Era de verdad" Hordatoj 139k
0%
H "La night de Santa Maria", "Viene el chaparrón", "Ñucta llacta" Huara 3,5k
0%
J "Caramelo", "Felicidad", "Castillos en el aire" Jazzimodo 4,1k
0%
J "Días grises", "No se por que pero es", "Estar así" Jonas Sanche 247,8k
0%
J "Y con brotes de mi siembra", "¡Y que jue!", "El gorro de lana" Jorge Yañez 20k
0%
J "Dos veredas", "A los que le canto yo", "Lo que sucede" Juanito Ayala 21,6k
0%
J "Los pasajeros", "Canción a Magdalena", "El cuento del lobo" Julio Zegers 3,9k
0%
K "Otro amor", "Desatar", "Deseo oculto" Karla Grunewaldt 7,6k
0%
K "Me volví loco", "Luna llena", "Almas gemelas" King Kong Click 519k
0%
L "Hablé con Dios", "Wah-wah blues", "El olor" La Banda del Capitan Corneta 1,7k
0%
L "Tenemos sed", "Los sabanales", "Como viene y se va" La Banda Tropikal de Vallenar 174,7k
0%
L "Balada para un caminante", "Qué tan arriba", "Acaecer" La Brigida Orquesta 130,8k
0%
L "Furia loca", "Pero no puedo", "O te quedas o te vas" La Gran Magia Tropical 292,8k
0%
L "Cumbia klezmer", "Raza quimera", "Wewo" La Mano Ajena 5,5k
0%
L "La enredadera", "Cheerleader", "Invisibilidad" Leo Quinteros 3,4k
0%
L "Llévame", "Simplemente", "Ojos del amanecer" Libra 2,5k
0%
L "Caldo de gallina negra", "Angustiado desahuciado", "El búfalo" Los Bandoleros de Teno 5,3k
0%
L "Visión de otoño", "Dios mío, contéstame", "Verano sin amor" Los Blue Splendor 5,6k
0%
L "Te prometo cambiar", "Déjame", "Nunca jamás" Los Bric a Brac 24,3k
0%
L "Baile en el mineral", "El vuelo del moscardon", "La cumbia del sol" Los Fenix 3,9k
0%
L "El humo del cigarrillo", "La pareja ideal", "El recluso" Los Gatos Negros 109,2k
0%
L "Nueva sociedad", "Reacción psicótica", "De repente tú me amas" Los Jockers 1,7k
0%
L "Cómo quisiera", "No sufriré por nadie", "Ni una llamada" Los Machos de la Cumbia 277,7k
0%
L "El evangelio de la gente sola", "La muerte de mi hermano", "A través del cristal" Los Mac's 2,9k
0%
L "Estamos solos", "El tres", "Hongo" Los Morton 2k
0%
L "Princesita mía", "Eso y más", "Hasta que llegue el alba" Los Rancheros de Plata 281,1k
0%
L "Mujer traicionera", "De paisano a paisano", "Niégame" Los Rancheros De Rio Maule 205,9k
0%
L "El amante apasionado", "Rancherita vengo a verte", "El R 15" Los Reales del Valle 98,9k
0%
L "Playa solitaria", "Hola Ximena", "Tema de William" Los Rockets 16,1k
0%
L "Yo sé", "Embustera", "Me colgaste el teléfono" Los Tigres 35k
0%
L "El lápiz", "Matalas", "Abrazado de un poste" Los Tigres de Parral 178,5k
0%
L "Oscar Wilde", "En tu mirada", "Ficciones" Los Vidrios Quebrados 2,4k
0%
L "Aunque se", "En mi mundo", "Mi mundo esta vacio sin tu amor" Luz Eliana 39,1k
0%
M "Mariposas", "Era una rosa", "Colibrí" Magdalena Matthey 16,4k
0%
M "I he- a hotumatu ia, in E-flat", "Ballade No. 2 in B minor, S. 171", "Scherzo No. 1 in B minor, Op.20" Mahani Teave 691
0%
M "Ay cariño", "Llorando ausencia", "Seremos uno" Maihuen de los Angeles 58,5k
0%
M "Verde claro", "Buenos muchachos", "Mutaburrasauruz Rex" Mandrácula 2,3k
0%
M "Me gusta la vida", "Llamadas perdidas", "Un lugar" María Colores 14,2k
0%
M "Los bajos vibran en mi pecho", "Noche noche", "Foto pa ti" Mariel Mariel 102,1k
0%
M "En mi bolsillo", "Cuántas veces", "Canción de amor, pt. 1" Martina Montaldo 41,8k
0%
M "Jaula de oro", "Carretera austral" "Cool & casual" Masquemusica 8,8k
0%
M "Kumbagüe", "Mawiza ñi piwke", "Wingkawnoam" Mawiza 8,5k
0%
M "Mi ser mapuche", "Quebrar la mano al destino", "Zomo newen" MC Millaray 2,9k
0%
M "Instintos", "Un espejismo", "Brillas en la pista" Mecánico 21,8k
0%
M "Bombas en el aire", "Me enteré por facebook", "Jah! No quedan huiros" Mediabanda 815
0%
M "Extrañándote", "Quedate aqui", "Comparame" Megapuesta 187,9k
0%
M "Hijos del peligro", "Baila como hombre", "Las polillas" (Me llamo) Sebastián 64,2k
0%
M "Punto de fuga", "¿Clásicos?", "Solos" Mente Sabia Crú 83k
0%
M "Leyla solo Leyla", "Filo contigo", "Colegiala" Miguelo 1,9k
0%
M "Un telegrama", "Tómbola", "Recuerdos de Ipacaraí" Monna Bell 61,8k
0%
N "Nariz", "No siempre es triste llorar", "Grito y plata" Nando García 4,8k
0%
N "Soldado de tu rebelión", "Cantata mapuches y huilliches", "Oda a mi guitarra" Nano Acevedo -
0%
N "Canción sencilla", "La historia", "Amores" Natisú 10,4k
0%
N "Opposite people", "Chaltumay", "Santiago" Newen Afrobeat 29,8k
0%
N "Warzone", "B-boys", "Bataclana" Nfx 285,1k
0%
N "Nabundearé", "Mañanas del sol", "Intromirada" Nicole Bunout 21,5k
0%
N "El bosque", "Pájaros rojos", "Máquina del tiempo" Niño Cohete 17,9k
0%
N "Espejismo", "Sin razón", "A la vuelta de la esquina" Nino García -
0%
N "Los días pasan", "Cuando eramos algo", "Mas que un juego" No Shame 4,9k
0%
N "Apatrida", "Chaos is my life", "Libertad condicionada" Nuclear 4,9k
0%
O "El bodeguero", "Corazón de melón", "Quemame los ojos" Orquesta Huambaly 14,9k
0%
O "El twist del esqueleto", "Penas del corazón", "Café con leche" Óscar Arriagada 815
0%
P "Esperando nacer", "Vamo'a navegar", "Otro día más en la ciudad" Pancho Puelma 7,5k
0%
P "Transpiralo" "Las cosas van mas lento", "Chica bonita" Panico 13,9k
0%
P "El tiempo en la ciudad", "Rimando fuego", "Sentencia" Panteras Negras 4,7k
0%
P "La jaula", "Sueños metálicos", "Hombre de metal" Panzer 999
0%
P "Wokman", "Cortentrete", "Nocaut" Papanegro 40,5k
0%
P "El vino", "Papel floreado", "Fly hi" Parkinson 6,9k
0%
P "Te quiero", "Jugando en la playa", "Poesía en movimiento" Pat Henry y Los Diablos Azules 10,4k
0%
P "Pintura", "Viajar en metro", "Lo bien que se ven" Patio Solar 55,6k
0%
P "Estaré junto a ti", "Soy culpable", "Por Amor" Patricio Renán 59k
0%
P "No voy a llorar", " Dejar de amarme", "Cómo te voy a olvidar" Paula Rivas 164,1k
0%
P "Cómeme", "Pajarillo negro", "Un día planté una rosa" Paz Court 97,6k
0%
P "Possessor", "La fiura", "Demoniac possession" Pentagram Chile 2,6k
0%
P "Detén el tiempo", "Tiempo para dos", "Tal vez" Peor es Nada 13k
0%
P "El recuerdo de Marcela", "Amor en febrero", "Una esperanza" Pepe Gallinato 7,3k
0%
P "La Quinta Normal", "El viejo rocanrol", "Luz" Perrosky 3,7k
0%
P "La música del general", "Botellas contra el pavimento", "En mi tiempo libre" Pinochet Boys -
0%
P "Sol a sol", "Señorita", "El campo" Planeta No 36,8k
0%
P "Adolescencia", "Mapas", "Caramelo" Planetario 12,4k
0%
P "Reptil no gentil", "Fuego", "Extraños visitantes" Playa Gótica 5k
0%
P "Invéntame un final", "Con tu cuerpo el huracán", "Si se acaba" Prehistöricos 34,9k
0%
P "Advertencia", "La peor noche", "Satélite" Primavera de Praga 7,6k
0%
P "Ojos favoritos", "En mis genes", "Granada" Protistas 20,3k
0%
P "Chica ramonera", "Punk", "Buenos momentos" Punkora 3,7k
0%
Q "Copla del hijo", "Lonconao", "Que paso con el sol" Quelentaro 22,5k
0%
R "Nacer en vida", "Claro oscuro", "Ay cariño" Raiza 1,5k
0%
R "La señal", "Despegar", "Comunicar" Rama 7,5k
0%
R "Que me quemen tus ojos", "El día más hermoso", "Toma como yo" Ramón Aguilera 17,2k
0%
R "Traga", "Solsticio", "No respires" Rekiem 4,5k
0%
R "La vida no es recta", "Apareciendo", "La rezposta" Rezonancia 13,2k
0%
R "Everywhere you go", "Dexter", "Easy Lee" Ricardo Villalobos 78,3k
0%
R "De haber sabido", "Que más quieres de mí", "Hazme sentir bien ♥" Rosario Alfonso 289,8k
0%
R "Hacia el fondo", "Seres invisibles", "Ir" Rubio 165,9k
0%
S "La mirada del amor", "Traidores", "Wena wachos" Salvaje Decibel 201,3k
0%
S "Mardito querer", "Skaliticos", "Skanero" Santiago Rebelde 4,5k
0%
S "Pega fuerte", "Traigo el aguante", "El toque" Santo Barrio 15,2k
0%
S "No soy na domestico", "Discharcha", "Bolsas negras" sapu punk 21,4k
0%
S "Crazy amor", "Si tú no vuelves", "Ustedes dos" Silvestre 9,6k
0%
S "La parva", "Cantarito de greda", "Mi banderita chilena" Silvia Infantas Y Los Cóndores 33,9k
0%
S "Agorafobia", "Serotonina", "Brillo" Simón Campusano 34,7k
0%
S "Aún pienso en ti", "Pequeño sol", "No se puede vivir sin amor" Síndrome 27,4k
0%
S "10 minutos", "Solías ser", "Bailame" Sin Instrumento Alguno 6,4k
0%
S "Por costumbre", "Lo que eres", "Sabado" Solar 8,4k
0%
S "La llave", "Turrón de amor", "Corazón maldito" Sol y Medianoche -
0%
S "No lo tomes personal", "Quinto mandamiento", "Maracuyá con mango" Sondelvalle 47,1k
0%
S "Envidia", "Remate", "Seguiré mi viaje" Sonia y Myriam 6,8k
0%
S "Viernes", "Bar cementerio", "Vicio" Sonora de Llegar 23,4k
0%
S "More", "Justice", "Magic" Stailok 1,1M
0%
S "Mi padre", "Entre resortes", "Toca el sol" Supersordo 338
0%
T "Te olvidé", "Olvídala", "Mi decisión" Talismanes del Ritmo y del amor 345,1k
0%
T "Seguiré cometiendo errores por toda mi vida", "Rata", "Paraco" T.A.M. 13,5k
0%
T "Cueca sola", "El mejor jugador del fuego", "La libertad absoluta y el terror" Tenemos Explosivos 8,5k
0%
T "Sonic redemption", "La lluvia no quiere caer", "Frío ni calor" The Ganjas 7,3k
0%
T "If I could find you (eternity)", "Concorde", "Lunes 1 de abril" The Holydrug Couple 156,4k
0%
T "El soldado trifaldón", "El rey de papel", "Tolín tolín tolán" Tikitiklip 34,3k
0%
T "Que brille sola mami", "Tiene", "Te vas" Tobal Mj 3,5M
0%
T "Escápate conmigo", "Deje ser su amor", 'Eres tú?" TolyFu 518,8k
0%
T "Barre con el pelo", "Perra del futuro", "Tu señora" Tomasa del Real 51k
0%
T "Rubia de los ojos celestes", "Estoy en tu recuerdo", "Oliver Trash" Tumulto 1,8k
0%
T "Danky", "Guachita", "El viento que nos lleva a los dos" Tunacola 24,7k
0%
V "Tú lo sabes bien", "Que pasara hoy", "Mi vida vale más" Valija Diplomatica 59k
0%
V "Zorrita", "Lucho", "Estás borracho" Venus 1,5k
0%
V "¡Gracias!", "Yo no sé de folclor (Chillán)", "Viento y tiempo" Vicente Cifuentes 150,2k
0%
V "Salón de emociones", "Enciende tu corazón", "Niña engreída" Viena 24,1k
0%
V "El zombie", "Amor psycho", "Niño monstruo" Voodoo Zombie 4,6k
0%
W "Yamor", "Amame", "Sin ti" Wankara de Chile 20k
0%
W "Pienso en ti", "Al despertar", "Dos" We Are The Grand 42,8k
0%
W "Pichanga", "Así fue", "Me estai hueviando" Weichafe 25,2k
0%
W "Buscando metas", "Donde estás escondida", "Vademecum" Weiza 3,8k
0%
W "Tu ausencia", "Verano azul", "Si lloro es por ti" Wildo 17,8k
0%
Y "Dámelo", "Alcohol", "Muerte astral" Yajaira 3k
0%
Y "Me atrapo", "Paseito", "La torpeza" Yorka 38,8k
0%
No se encontraron pruebas coincidentes
Distribución de puntuación
Porcentaje de gente con cada puntuación
Porcentaje por número respondido
Historial de tus puntuaciones
No has intentado esta prueba desde el último reinicio